[Event "CZE-chTE U20 1213"]
[Site "Czech Republic"]
[Date "2012.10.06"]
[Round "2.1"]
[White "Pulpan, Jakub"]
[Black "Hofirek, Benedikt"]
[Result "1-0"]
[WhiteElo "2099"]
[BlackElo "2094"]
[PlyCount "69"]
[EventDate "2012.10.06"]
[EventType "team-tourn"]
[EventRounds "11"]
[EventCountry "CZE"]
[SourceTitle "EXT 2015"]
[Source "ChessBase"]
[SourceDate "2014.11.20"]
[SourceVersion "1"]
[SourceVersionDate "2014.11.20"]
[SourceQuality "1"]
[WhiteTeam "Polabiny (U20)"]
[BlackTeam "Brno Lokomotiva (U20)"]
[WhiteTeamCountry "CZE"]
[BlackTeamCountry "CZE"]

1. e4 c5 2. Nf3 d6 3. d4 cxd4 4. Nxd4 Nf6 5. Nc3 a6 6. Bg5 e6 7. f4 Nbd7 8. Qf3 Qc7 9. 0-0-0 b5 10. g4 Bb7 11. Bxf6 Nxf6 12. Bd3 b4 13. Nce2 Be7 14. g5 Nd7 15. Kb1 a5 16. h4 a4 17. g6 hxg6 18. h5 gxh5 19. Rxh5 Rg8 20. Rdh1 g6 21. Rh7 Nf6 22. Bb5+ Kf8 23. f5 exf5 24. Qf4 g5 25. Qxf5 Bxe4 26. Rxf7+ Kxf7 27. Rh7+ Rg7 28. Rxg7+ Kxg7 29. Ne6+ Kf7 30. Nxg5+ Kg8 31. Nxe4 Nxe4 32. Qxe4 Rf8 33. Bc4+ d5 34. Qg6+ Kh8 35. Qh6+ 1-0

[Event "Brno Trade op-A 37th"]
[Site "Brno"]
[Date "2012.09.02"]
[Round "9"]
[White "Pribyl, Radek"]
[Black "Hofirek, Benedikt"]
[Result "0-1"]
[WhiteElo "1713"]
[BlackElo "2051"]
[PlyCount "44"]
[EventDate "2012.08.26"]
[EventType "swiss"]
[EventRounds "9"]
[EventCountry "CZE"]
[SourceTitle "CBM 150 Extra"]
[Source "ChessBase"]
[SourceDate "2012.10.19"]
[SourceVersion "1"]
[SourceVersionDate "2012.10.19"]
[SourceQuality "1"]

1. e4 c5 2. Nf3 d6 3. d4 cxd4 4. Nxd4 Nf6 5. Nc3 a6 6. h3 e6 7. Bd3 Nc6 8. Nxc6 bxc6 9. 0-0 d5 10. exd5 cxd5 11. Bg5 Be7 12. Re1 0-0 13. Ne2 h6 14. Bh4 Bb7 15. Ng3 g5 16. Nh5 gxh4 17. Nxf6+ Bxf6 18. Qh5 Bg7 19. f4 Qf6 20. f5 e5 21. Kh2 e4 22. Be2 Qg5 0-1

[Event "Brno Trade op-A 37th"]
[Site "Brno"]
[Date "2012.08.30"]
[Round "6"]
[White "Piankov, Evgenij"]
[Black "Hofirek, Benedikt"]
[Result "1/2-1/2"]
[WhiteElo "2338"]
[BlackElo "2051"]
[PlyCount "108"]
[EventDate "2012.08.26"]
[EventType "swiss"]
[EventRounds "9"]
[EventCountry "CZE"]
[SourceTitle "CBM 150 Extra"]
[Source "ChessBase"]
[SourceDate "2012.10.19"]
[SourceVersion "1"]
[SourceVersionDate "2012.10.19"]
[SourceQuality "1"]

1. d4 d5 2. Bg5 h6 3. Bh4 c6 4. e3 Qb6 5. b3 Bf5 6. Bd3 Bxd3 7. Qxd3 Nd7 8. Nf3 Ngf6 9. 0-0 e6 10. c4 Be7 11. Nc3 0-0 12. c5 Qd8 13. b4 a6 14. a4 Nh5 15. Bxe7 Qxe7 16. b5 axb5 17. axb5 e5 18. Nxe5 Nxe5 19. Qf5 Nf6 20. Qxe5 Qxe5 21. dxe5 Nd7 22. bxc6 bxc6 23. Ne2 Nxe5 24. Nd4 Kh7 25. h3 Rfc8 26. Rfb1 Rcb8 27. Rd1 Rxa1 28. Rxa1 Nd3 29. Nxc6 Rc8 30. Ne7 Rxc5 31. Rd1 Nb4 32. Rd4 Rc4 33. Rd2 Rc5 34. Kf1 g6 35. Rd4 Rc4 36. Ke2 Rxd4 37. exd4 Kg7 38. Kd2 Kf6 39. Kc3 Na2+ 40. Kb2 Nb4 41. Kb3 Nd3 42. Nxd5+ Ke6 43. Ne3 Nxf2 44. Kc4 Kd6 45. d5 Ke5 46. Kc5 Nd3+ 47. Kc6 Nb4+ 48. Kd7 Nxd5 49. Nxd5 Kxd5 50. Ke7 Ke5 51. Kxf7 Kf5 52. Kg7 h5 53. g3 g5 54. Kh6 g4 1/2-1/2

[Event "Brno Trade op-A 37th"]
[Site "Brno"]
[Date "2012.08.26"]
[Round "2"]
[White "Hofirek, Benedikt"]
[Black "Roubalik, Jakub"]
[Result "1-0"]
[WhiteElo "2051"]
[BlackElo "2319"]
[PlyCount "125"]
[EventDate "2012.08.26"]
[EventType "swiss"]
[EventRounds "9"]
[EventCountry "CZE"]
[SourceTitle "CBM 150 Extra"]
[Source "ChessBase"]
[SourceDate "2012.10.19"]
[SourceVersion "1"]
[SourceVersionDate "2012.10.19"]
[SourceQuality "1"]

1. d4 Nf6 2. c4 e6 3. Nc3 Bb4 4. e3 0-0 5. Bd3 d5 6. Nf3 b6 7. 0-0 Bb7 8. a3 Be7 9. b4 a5 10. b5 Nbd7 11. Bb2 Bd6 12. Qe2 dxc4 13. Bxc4 Qe7 14. Rfd1 Rad8 15. e4 e5 16. dxe5 Nxe5 17. Nd5 Bxd5 18. Bxd5 Nxf3+ 19. Qxf3 Be5 20. Bxe5 Qxe5 21. Bc6 h6 22. g3 g5 23. h3 Kg7 24. Kg2 h5 25. Qf5 Qxf5 26. exf5 Rd6 27. Rxd6 cxd6 28. Rd1 Rd8 29. f3 g4 30. fxg4 hxg4 31. hxg4 Nxg4 32. Kf3 Ne5+ 33. Kf4 Kf6 34. g4 Ke7 35. g5 Rc8 36. f6+ Ke6 37. Bd5+ Kd7 38. Bc6+ Nxc6 39. bxc6+ Rxc6 40. Re1 Rc4+ 41. Kg3 d5 42. Re7+ Kd6 43. Rxf7 Rc1 44. Rb7 Rf1 45. f7 Kc6 46. Ra7 d4 47. g6 d3 48. g7 Rg1+ 49. Kf2 Rxg7 50. f8Q Rxa7 51. Qf3+ Kc5 52. Qxd3 Rf7+ 53. Ke3 Re7+ 54. Kf4 Kc6 55. Qa6 Rf7+ 56. Ke5 Rf8 57. a4 Kc7 58. Qc4+ Kb7 59. Qd5+ Ka7 60. Qd7+ Ka6 61. Kd6 Ra8 62. Kc6 Rb8 63. Qc7 1-0